000 00744nam a22001697a 4500
003 OSt
005 20260418135231.0
008 260410b |||||||| |||| 00| 0 eng d
040 _c0
082 _aDPer 361.3095 As41 March-December v. 34 n. 1-4
100 _aLin, Yei-Whei.
_eauthor.
_970312
245 _aStrained multi-agency collaborations in the multi tiered prevention system :
_ba critical study of taiwan's social safety network project /
_cYei-Whei Lin.
260 _aOxfordshire, United Kingdom :
_bRoutledge Taylor & Francis Group ,
_cMarch 2024
300 _aVolume 34, pages 18-31 :
_b illustration ;
_c25 Cm.
500 _aAsia Pacific Journal of Social Work & Development, vol. 34, no. 1, pages 18-31, March 2024.
942 _2ddc
_cPER
999 _c24573
_d24573